The Tao of power : a new translation of the Tao Te Ching

Bibliographic Details
Main Author: Wing, R.L
Format: Book
Published: New York : Doubleday , 1986
Subjects:

MARC

LEADER 00000cam a2200000 7i4500
001 0000001626
002 000001774
005 20000330.0
020 |a 0385196377 
090 0 0 |a 299.514182   |b WIN 
100 1 |a Wing, R.L 
245 1 4 |a The Tao of power :   |b a new translation of the Tao Te Ching   |c R.L. Wing 
260 |a New York :   |b Doubleday ,   |c 1986 
300 |a p.v :   |b ill. ;   |c 28cm. 
650 0 0 |a Lao-Tzu, Tao te Ching 
999 |a 034538   |b BUKU   |c PINJAMAN   |e PERPUSTAKAAN KOMUNITI PETALING JAYA